RNA methodologies : a laboratory guide for isolation and characterization /

RNA Methodologies: A Laboratory Guide for Isolation and Characterization, Sixth Edition provides the most up-to-date ribonucleic acid lab techniques for seasoned scientists and graduate students alike. This edition features new material on RNA sequencing, RNA in Situ Hybridization, non-coding RNAs,...

Full description

Bibliographic Details
Main Author: Farrell, Robert E., Jr (Author)
Corporate Author: ScienceDirect (Online service)
Format: eBook
Language:English
Published: London ; San Diego, CA : Academic Press, [2023]
Edition:Sixth edition.
Subjects:
Online Access:Connect to the full text of this electronic book

MARC

Tag First Indicator Second Indicator Subfields
LEADER 00000cam a2200000 i 4500
001 in00005771249
005 20260327173926.9
006 m o d
007 cr cnu---unuuu
008 221213s2023 enka o 000 0 eng d
040 |a OPELS  |b eng  |e rda  |e pn  |c OPELS  |d UKMGB  |d UKAHL  |d YDX  |d OCLCO  |d OCLCL  |d OCLCQ  |d OCLCL 
015 |a GBC2D7709  |2 bnb 
016 7 |a 020702645  |2 Uk 
019 |a 1354572487 
020 |z 9780323902212 
020 |z 0323902219 
020 |a 9780323916561  |q electronic publication 
020 |a 0323916562  |q electronic publication 
035 |a (OCoLC)1354571155  |z (OCoLC)1354572487 
037 |a 9780323916561  |b Ingram Content Group 
050 4 |a QP623  |b .F37 2023 
082 0 4 |a 572.88  |2 23 
049 |a TXAM 
100 1 |a Farrell, Robert E.,  |c Jr.,  |e author.  |1 https://id.oclc.org/worldcat/entity/E39PCjKQcqpcVGMPW8QwBDyjRX  |1 https://isni.org/isni/0000000116276771 
245 1 0 |a RNA methodologies :  |b a laboratory guide for isolation and characterization /  |c Robert E. Farrell, Jr. 
250 |a Sixth edition. 
264 1 |a London ;  |a San Diego, CA :  |b Academic Press,  |c [2023] 
300 |a 1 online resource (1 volume) :  |b illustrations (color). 
336 |a text  |b txt  |2 rdacontent 
337 |a computer  |b c  |2 rdamedia 
338 |a online resource  |b cr  |2 rdacarrier 
500 |a Previous edition: 2017. 
520 |a RNA Methodologies: A Laboratory Guide for Isolation and Characterization, Sixth Edition provides the most up-to-date ribonucleic acid lab techniques for seasoned scientists and graduate students alike. This edition features new material on RNA sequencing, RNA in Situ Hybridization, non-coding RNAs, computational RNA biology, transcriptomes and bioinformatics, along with the latest advances in methods and protocols across the field of RNA investigation. As a leader in the field, Dr. Farrell provides a wealth of knowledge on the topic of RNA biology while also giving readers helpful hints and troubleshooting techniques from his own personal experience in this subject area. This book presents the essential knowledge and techniques to use when working with RNA for the experienced practitioner, while also aiding the beginner in fully understanding this important branch of molecular biology. 
588 |a Description based on online resource; title from digital title page (viewed on March 06, 2023). 
650 0 |a RNA  |x Analysis  |v Laboratory manuals. 
650 6 |a ARN  |x Analyse  |v Manuels de laboratoire. 
650 7 |a RNA  |x Analysis  |2 fast 
655 7 |a Electronic books.  |2 local 
655 7 |a Laboratory manuals  |2 fast 
710 2 |a ScienceDirect (Online service) 
776 0 8 |i Print version:  |a Farrell, Robert E., Jr.  |t RNA methodologies.  |b Sixth edition.  |d Amsterdam : Academic Press, 2022  |z 9780323902212  |w (OCoLC)1338686514 
856 4 0 |u http://proxy.library.tamu.edu/login?url=https://www.sciencedirect.com/science/book/9780323902212  |z Connect to the full text of this electronic book  |t 0 
955 |a Elsevier ScienceDirect 2026-2027 
994 |a 92  |b TXA 
999 f f |i 4f1a392a-8b0e-4b33-b6d7-5f3c7f7e6164  |s d80625eb-0197-481a-b5a7-ddfe00bd2623  |t 0 
952 f f |a Texas A&M University  |b College Station  |c Electronic Resources  |s www_evans  |d Available Online  |t 0  |e QP623 .F37 2023  |h Library of Congress classification 
998 f f |a QP623 .F37 2023  |t 0  |l Available Online